000
00299nam a2200133Ia 4500
100
_a
Hughes & Gaylord
942
_c
BK
654
_a
Equations
245
_a
Basic Equations of Engineering Science
260
_b
Schaum Publishing co
_c
2001
082
_a
530.15
300
_a
163
546
_a
ENGLISH
999
_c
34111
_d
34111